000 00691nab a2200193 4500
001 244442
003 OSt
005 20250617121754.0
007 tu
008 200917s2020|||||||
040 _aDE-2950
_cDE-2950
245 0 0 _a"Sieben Raben" am Rathaus stehen zum Verkauf
_bImmobilie. Der Wohn- und Geschäftskomplex in der Innenstadt steht zum Verkauf. Dank großem Interesse potentieller Käufer könnte die Häuserzeile schon bald den Besitzer wechseln/
_cThomas Geuchen
264 _c2024
653 _aFrankfurt (Oder)
653 _a"Sieben Raben"
653 _aVerkauf
773 0 _g36. Jahrgang (2025) Nr. 130 vom 06.06.2025, S. 13 mit Foto
_tMärkische Oderzeitung
942 _2z
_cA
999 _c373821
_d373821